[Event "Spring Chess Classic-A 2022"]
[Site "Saint Louis"]
[Date "2022.03.04"]
[Round "4.7"]
[White "Hakobyan, Aram"]
[Black "Antipov, Mikhail Al."]
[Result "1/2-1/2"]
[WhiteElo "2601"]
[BlackElo "2615"]
[Annotator "TA"]
[PlyCount "152"]
[EventDate "2022.03.02"]
[EventType "tourn"]
[EventCountry "USA"]
[SourceTitle "playchess.com"]
[Source "ChessBase"]
[SourceQuality "1"]

{[%evp 9,152,24,23,12,29,19,16,27,35,31,33,0,55,0,68,0,62,-13,36,-48,-33,-24,0,0,0,0,39,39,40,40,42,34,30,24,33,27,40,0,0,0,0,0,14,8,13,0,12,12,14,0,0,0,0,0,0,0,0,0,0,0,0,0,0,0,0,0,0,0,0,0,0,0,0,0,0,0,0,0,0,0,0,0,0,0,0,0,0,0,0,0,0,0,0,0,0,0,0,0,0,0,0,0,0,0,0,0,0,0,0,0,0,0,0,0,0,0,0,0,0,0,0,0,0,0,0,0,0,0,0,0,0,0,0,0,0,0,0,0,0,0,0,0,0,0,0]} 1. e4 e5 2. Nf3 Nc6 3. Bb5 Nf6 4. d3 Bc5 5. Bxc6 dxc6 6. Nbd2 {[#] C65: Ruy Lopez: Berlin Defence (3...Nf6), unusual lines and 4 0-0 Bc5.} b6 $146 ({Predecessor:} 6... Be6 7. O-O Bd6 8. Nb3 O-O 9. Na5 Qc8 10. Bd2 Re8 11. Ng5 b6 12. Nxe6 Qxe6 13. Nb3 a5 {0-1 (47) So,W (2778)-Radjabov,T (2763) chess24.com INT 2021}) 7. Nc4 Nd7 $1 8. O-O f6 9. c3 Ba6 10. b4 Bd6 (10... Bxc4 $11 11. dxc4 Bd6) 11. Nh4 ({White should play} 11. Qb3 $14) 11... g6 (11... Bxc4 $11 12. dxc4 g6) 12. Bh6 ({White should try} 12. Nxd6+ $14 cxd6 13. Bh6) 12... Qe7 (12... Bxc4 $11 13. dxc4 a5) 13. g3 {White is more active.} (13. Qb3 $14) 13... Qe6 (13... Bxc4 $11 {feels stronger.} 14. dxc4 Qe6) 14. Qb3 (14. Nxd6+ $14 cxd6 15. a4) 14... Bxc4 $15 15. dxc4 a5 16. c5 $1 Qxb3 17. axb3 bxc5 18. bxa5 ({Don't play} 18. Rxa5 Kf7 $15) 18... Kf7 19. Bd2 Ra7 20. Ra3 Rb8 {[%cal Oc5c4]} 21. Ng2 c4 22. b4 c5 {[%cal Rc5b4]} 23. Ra4 cxb4 {The position is equal.} 24. cxb4 c5 {[%cal Rc5b4]} 25. b5 Rxb5 26. Ne3 Ke6 27. Raa1 Bc7 {[%cal Oc4c3]} 28. Nxc4 Nb8 29. Rfb1 Rxb1+ 30. Rxb1 Nc6 {[%cal Rc7a5]} 31. Rb5 Nd4 32. Rxc5 Nf3+ 33. Kg2 Nxd2 34. Nxd2 Bxa5 $11 {[%mdl 4096] Endgame KRB-KRN} 35. Nc4 Rc7 36. Rxc7 Bxc7 {KB-KN} 37. Ne3 f5 38. f3 Bd8 39. Kf1 fxe4 40. fxe4 h5 41. Ke2 Bb6 42. Nc4 Bd4 43. h3 Bc3 44. Ne3 Bd4 {[#] Hoping for ...Bxe3.} 45. Ng2 Bb6 46. Nh4 Kf6 47. Nf3 Ke6 48. Kd3 Bf2 49. g4 hxg4 50. hxg4 Bb6 51. Kc4 Ba5 52. Kc5 Bd8 53. Kc6 $1 Ba5 54. Ng5+ Kf6 55. Nh3 Ke6 56. Ng1 Kf6 57. Nf3 Ke6 58. Kc5 Bd8 59. Kb5 Be7 60. Kc6 Bb4 61. Ng5+ Kf6 62. Nh3 Ke6 63. Nf2 Bc3 64. Nd3 Kf6 65. Kd5 Ba1 66. Nxe5 Bxe5 67. g5+ $1 Kxg5 68. Kxe5 {[#] Kd6 would kill now. KP-KP} Kh4 $1 69. Kf6 g5 70. e5 g4 71. e6 {White threatens e7 and mate.} g3 72. e7 g2 73. e8=Q {Intending Qe3 and mate.} g1=Q {To avoid Qe3} 74. Qh8+ Kg3 {( -> ...Qd4+)} 75. Qg7+ Kf2 76. Qxg1+ Kxg1 {Weighted Error Value: White=0.12 (very precise) /Black=0.09 (flawless)} 1/2-1/2

[Event "Spring Chess Classic-A 2022"]
[Site "Saint Louis"]
[Date "2022.03.04"]
[Round "4.8"]
[White "Robson, Ray"]
[Black "Xiong, Jeffery"]
[Result "1/2-1/2"]
[WhiteElo "2676"]
[BlackElo "2686"]
[Annotator "TA"]
[PlyCount "80"]
[EventDate "2022.03.02"]
[EventType "tourn"]
[EventCountry "USA"]
[SourceTitle "playchess.com"]
[Source "ChessBase"]
[SourceQuality "1"]

{[%evp 21,80,16,26,18,21,33,17,20,22,18,18,21,21,22,19,25,25,21,49,15,17,16,17,18,33,33,30,28,36,33,31,38,43,27,29,27,27,16,26,4,6,10,18,0,0,0,0,0,0,0,0,0,0,0,0,0,0,0,0,0,0]} 1. Nf3 d5 2. d4 Nf6 3. c4 dxc4 4. e3 e6 5. Bxc4 c5 6. O-O Nc6 7. a3 a6 8. dxc5 Qxd1 9. Rxd1 Bxc5 10. b4 Be7 {10...Ba7 is vanishing.} 11. Bb2 O-O 12. Nbd2 {D27: Queen's Gambit Accepted: Classical main line: 7 e4!? and 7 a4.} Bd7 13. Be2 {[%cal Bc4e2,Be2d1,Bd1f3][%mdl 32]} Rfd8 14. Rac1 Be8 {[#]} 15. g3 $146 ({Predecessor:} 15. Kf1 h6 16. g3 Kf8 17. Nb3 Rxd1+ 18. Rxd1 Rc8 19. Rc1 Na7 20. Na5 Rxc1+ 21. Bxc1 {1-0 (57) Ftacnik,L (2618)-Banas,J (2348) Czech Republic 2001}) 15... Rac8 16. Nb3 Rxd1+ 17. Bxd1 Na7 18. Rxc8 Nxc8 19. Nfd2 Na7 20. Bf3 Bc6 21. e4 Nd7 22. Na5 Bf6 23. Bxf6 Nxf6 24. Be2 Kf8 25. f3 Ke7 26. Kf2 Kd6 27. Ndc4+ Kc7 $1 28. Ne5 Be8 29. Ke3 Nd7 30. Nxd7 Bxd7 $11 {[%mdl 4096] Endgame KBN-KBN. The position is equal.} 31. f4 Bb5 32. Bxb5 Nxb5 {KN-KN} 33. Nc4 Nd6 34. Kd4 Nxc4 35. Kxc4 {KP-KP} f6 36. a4 b6 37. e5 {[#] Hoping for exf6.} f5 38. b5 a5 39. Kd3 Kd7 40. Ke3 Ke7 {Weighted Error Value: White=0.04 (flawless) /Black=0.03 (flawless)} 1/2-1/2

[Event "Spring Chess Classic-A 2022"]
[Site "Saint Louis"]
[Date "2022.03.04"]
[Round "4.9"]
[White "Nyzhnyk, Illya"]
[Black "Dragun, Kamil"]
[Result "1-0"]
[WhiteElo "2674"]
[BlackElo "2590"]
[Annotator "TA"]
[PlyCount "87"]
[EventDate "2022.03.02"]
[EventType "tourn"]
[EventCountry "USA"]
[SourceTitle "playchess.com"]
[Source "ChessBase"]
[SourceQuality "1"]

{[%evp 14,87,15,0,0,-6,0,-2,0,0,-8,0,0,0,0,4,16,12,7,7,42,25,29,31,23,20,19,20,20,36,45,44,82,86,117,110,99,101,143,122,152,150,160,162,181,168,134,101,241,185,171,164,180,187,184,135,232,165,251,244,641,635,1414,1216,29977,29978,29978,29979,29988,29989,29989,12840,12841,12841,12840,12840]} 1. c4 e5 2. Nc3 Bb4 3. g3 Bxc3 4. bxc3 d6 5. Bg2 Ne7 6. Nf3 Nbc6 7. O-O O-O 8. d3 Rb8 {[#] A21: English Opening: 1...e5 2 Nc3.} 9. Nh4 $146 ({Predecessor:} 9. Ne1 Be6 10. Nc2 Qd7 11. Re1 Bh3 12. Bh1 Ng6 13. e4 f5 14. f3 f4 15. Kf2 h5 16. Rg1 {0-1 (43) Larrea,M (2327)-Julia,E (2373) Montevideo 2011}) 9... Be6 10. f4 {And now f5 would win.} Qd7 {The position is equal.} 11. e4 exf4 12. Bxf4 Bh3 13. Bxh3 Qxh3 14. c5 Rbd8 15. d4 Qd7 16. d5 Ne5 17. Bxe5 dxe5 18. Qb3 {Prevents Qb5.} b6 19. Nf3 {[%cal Bh4f3,Bf3d2,Bd2c4,Bc4e3,Be3f5][%mdl 32]} Ng6 20. c6 Qg4 21. Rae1 Rd6 22. Qd1 Qc8 23. Nd2 Qa6 24. Qb3 Rdd8 25. Nc4 Kh8 (25... b5 $142 26. Qa3 Qxa3 27. Nxa3 a6) 26. a4 $16 {White is much more active.} f6 27. Qb4 Qc8 28. a5 h6 29. axb6 axb6 30. Ne3 Kh7 {Loses the game.} (30... Qh3 $16 {was worth a try.}) 31. Nf5 {Ra1 is the strong threat.} Nh8 32. Ra1 ({Don't do} 32. Qe7 $6 Nf7 $14) 32... Nf7 {[#]} 33. Ra7 $1 {Strongly threatening Qe7.} Nd6 34. g4 (34. Nxd6 $18 Rxd6 35. c4) 34... Rf7 (34... h5 $16 {was necessary.}) 35. Kh1 Nxf5 (35... Ne8 $142) 36. gxf5 $18 {Hoping for Rfa1.} Rg8 $2 (36... Rd6 37. Rfa1 Qe8) 37. d6 g6 38. Qc4 Rfg7 39. fxg6+ Kxg6 40. Rxc7 Rxc7 41. Rg1+ Kh7 42. Qxg8+ (42. Rxg8 $142 Qh3 43. dxc7 Qf3+ 44. Kg1 Qd1+ 45. Kg2 Qd2+ 46. Kh3 Qe3+ 47. Rg3) 42... Qxg8 43. Rxg8 Rxc6 {[#]} 44. d7 $1 {[%mdl 512] Weighted Error Value: White=0.08 (flawless) /Black=0.57} 1-0

[Event "Spring Chess Classic-A 2022"]
[Site "Saint Louis"]
[Date "2022.03.04"]
[Round "4.10"]
[White "Niemann, Hans Moke"]
[Black "Lenderman, Aleksandr"]
[Result "1-0"]
[WhiteElo "2642"]
[BlackElo "2600"]
[Annotator "TA"]
[PlyCount "147"]
[EventDate "2022.03.02"]
[EventType "tourn"]
[EventCountry "USA"]
[SourceTitle "playchess.com"]
[Source "ChessBase"]
[SourceQuality "1"]

{[%evp 20,147,8,4,4,8,6,7,8,9,0,9,21,14,15,20,12,18,16,6,23,25,28,17,37,34,35,36,38,23,22,16,17,22,19,17,18,20,24,20,17,11,16,14,16,21,25,53,52,11,18,16,38,6,18,21,34,33,35,33,55,32,89,89,99,89,88,95,135,135,140,88,148,71,78,85,79,58,239,266,167,66,66,66,66,66,135,167,520,66,66,18,146,18,182,146,146,146,146,146,146,146,146,146,146,146,146,146,146,146,146,146,715,635,468,445,379,297,988,846,2300,2285,12845,12846,12846,12847,12847,12847,12850,12850]} 1. d4 Nf6 2. c4 e6 3. Nf3 d5 4. g3 Bb4+ 5. Bd2 Be7 6. Bg2 O-O 7. Qc2 c6 8. O-O Nbd7 9. Bf4 b6 10. Rd1 Bb7 11. Ne5 Nh5 {E08: Closed Catalan: Main Line: 7 Qc2.} 12. Bd2 Nhf6 13. cxd5 cxd5 {The position is equal.} 14. Nc6 Bxc6 15. Qxc6 Qb8 16. Rc1 Rc8 17. Qxc8+ Qxc8 18. Rxc8+ Rxc8 19. Nc3 {[#]} Nb8 $146 ({Predecessor:} 19... Ne8 20. Rc1 Nd6 21. e3 h5 22. h3 Nb8 23. Be1 b5 24. Bf1 b4 25. Ne2 Rxc1 26. Nxc1 {½-½ (44) Korabliov,A (2477)-Rallabandi,P (2459) ICCF email 2018}) 20. e3 Ne8 21. Bh3 {[%cal Oc3d5] White wants to play Nxd5!} Rd8 22. Nb5 a6 23. Na7 Rd7 {[#]} 24. Rc1 $1 {[%cal Oc1c8]} Rxa7 25. Rc8 {[%csl LRb8,LRe8]} Kf8 26. Rxb8 b5 27. Bf1 Bd6 28. Rc8 Ke7 29. Rc1 Rc7 30. Rd1 Nf6 31. Bd3 Ne4 32. Ba5 Rc6 33. f3 Nf6 34. Bd2 {This bishop pair is nice.} (34. e4 $14 dxe4 35. fxe4) 34... Nd7 35. Kf2 ({Much worse is} 35. Bxh7 g6 36. e4 Rc2 $15) 35... g6 36. b3 Ba3 37. Ke2 Nb6 38. g4 Nd7 39. h4 Bd6 40. Ra1 b4 (40... Ba3 $14) 41. e4 $16 dxe4 42. fxe4 e5 43. d5 Rb6 44. Rc1 Bc5 45. g5 (45. Bg5+ $142 Ke8 46. Kf3) 45... a5 (45... Kd6 $142) 46. Kf3 (46. Be3 $142 $1 Kd6 47. Rf1 Bxe3 48. Kxe3) 46... Kd6 47. Bf1 Rb7 48. Bh3 (48. Be3 $5 {[%cal Rf1h3]}) 48... Rc7 (48... Nb8 $14) 49. Bxd7 $18 Kxd7 {[%mdl 4096] Endgame [#] KRB-KRB} 50. Be3 ({Only move:} 50. Ke2 $1 $18) 50... Be7 $1 $14 51. Rxc7+ Kxc7 {KB-KB} 52. Ke2 f6 ({Better is} 52... f5 $1 $14) 53. Kd3 $16 fxg5 (53... Kd7 {is tougher.} 54. Kc4 fxg5 55. hxg5 Bd8) 54. Bxg5 $2 (54. hxg5 $18 {Threatens to win with Kc4.} Kc8 55. Bd2) 54... Kd7 $14 55. Ke2 (55. Kc4 $14 Bd6 56. Bf6) 55... Bf8 {[#]} (55... Bd8 $11) 56. Kf3 (56. Bf6 $1 $16 {[%cal Rf6e5]}) 56... h6 $2 (56... Be7 $11) 57. Be3 h5 58. Bb6 Kc8 59. Bxa5 Kb7 60. Ke2 Bd6 61. Kd3 {Hoping for Kc4.} Ka6 62. Bd8 {Black must now prevent Kc4.} Kb5 63. Bg5 Kc5 64. Bc1 Kb5 65. Bb2 Bc7 $2 {[%mdl 8192]} (65... Ka6 $16 66. Bc1 Be7) 66. a4+ bxa3 67. Bxa3 {Be7 is the strong threat.} Bd8 {Inhibits Be7.} 68. Bd6 Bxh4 $2 (68... Bf6 69. Kc3 Ka6) 69. Bxe5 $18 {White is clearly winning.} Kb4 70. Bd6+ Kxb3 71. e5 {[%cal Be4e5,Be5e6][%mdl 32]} Bg3 72. Bc7 h4 {[#]} 73. e6 $1 h3 (73... Bxc7 74. e7) 74. Bxg3 {Weighted Error Value: White=0.29 (precise) /Black=0.31} 1-0

[Event "Spring Chess Classic-A 2022"]
[Site "Saint Louis"]
[Date "2022.03.06"]
[Round "5.6"]
[White "Lenderman, Aleksandr"]
[Black "Sevian, Samuel"]
[Result "0-1"]
[WhiteElo "2600"]
[BlackElo "2684"]
[Annotator "TA"]
[PlyCount "80"]
[EventDate "2022.03.02"]
[EventType "tourn"]
[EventCountry "USA"]
[SourceTitle "playchess.com"]
[Source "ChessBase"]
[SourceQuality "1"]

{[%evp 11,80,16,18,16,25,17,13,13,34,16,27,33,125,141,144,84,101,12,169,-8,0,-17,-21,0,0,0,0,-37,-12,-10,-11,-39,-39,-34,-33,-44,0,-30,0,-8,0,-126,-130,-151,-123,-160,0,-134,0,-145,-109,-285,-281,-319,-332,-313,-314,-308,-265,-285,-268,-412,-417,-430,-422,-451,-442,-451,-451,-418,-398]} 1. e4 e5 2. Nf3 Nc6 3. Bc4 Bc5 4. c3 Nf6 5. d3 d6 6. O-O a6 7. a4 {The modern move. C54: Giuoco Piano: 4 c3 Nf6, main lines with 5 d4 and 5 d3.} Ba7 8. Re1 Ng4 9. Re2 {The position is equal.} Qf6 10. Nbd2 g5 11. d4 Rg8 {[#]} (11... exd4 $14 12. e5 Ngxe5 13. cxd4 Bxd4) 12. b4 $146 (12. h3 Nh6 $15) ({Predecessor:} 12. Nf1 exd4 13. e5 dxe5 14. cxd4 Kf8 15. h3 Nxd4 16. Nxd4 Bxd4 17. hxg4 Bxg4 18. Be3 {1-0 (41) Jakovenko,D (2698)-Mamedyarov,S (2772) Jerusalem 2019}) 12... Nd8 13. Nf1 ({Don't do} 13. h3 $6 Nh6 $14) (13. b5 $142) 13... Ne6 14. Ne3 (14. b5 $16) 14... Nf4 $2 {[#]} (14... Nxe3 $1 $11 15. Bxe3 g4 16. dxe5 dxe5) 15. Rd2 $2 (15. Nd5 $1 $18 {[%cal Rd5f6]} Nxe2+ 16. Qxe2) 15... Nxe3 $11 16. fxe3 {[#]} g4 $1 17. Ng5 {Inhibits Nh3+.} Nh3+ 18. Nxh3 gxh3 19. Raa2 {Threatens to win with Rf2.} Qh6 (19... Bg4 $5 {[%cal Rg4d1]} 20. Qb3 Be6 $11) 20. Rf2 Be6 21. Bxe6 fxe6 22. g3 O-O-O {[%cal Be8c8,Bc8b8,Bb8a7][%mdl 32]} 23. Qf1 Rdf8 {To avoid Rf6} (23... Kb8 $15 {should be considered.}) 24. b5 a5 25. Rae2 Kb8 26. Bd2 (26. Rxf8+ $1 $11 Rxf8 27. Rf2 Rxf2 28. Kxf2) 26... Bb6 $17 27. Bc1 Ka7 28. Bd2 Kb8 {Black is more active.} 29. Bc1 $1 Ka7 30. Bd2 $1 Qh5 {To avoid Rf3} 31. Bc1 $2 (31. Rxf8 $17 {is the only way for White.} Rxf8 32. Rf2 Rxf2 33. Kxf2) 31... Qg4 $19 32. Ra2 Rxf2 33. Rxf2 h5 {[%cal Bh7h5,Bh5h4][%mdl 32]} 34. Qe2 Qg6 35. Qf3 h4 36. Bd2 (36. Kh1 $142) 36... exd4 37. cxd4 e5 38. Kh1 exd4 39. exd4 hxg3 40. hxg3 Qxg3 {Weighted Error Value: White=0.29 (precise) /Black=0.24 (precise)} ({Worse is} 40... Bxd4 41. Be3 Bxe3 42. Qxe3+ b6 43. Kh2 $17) 0-1

[Event "Spring Chess Classic-A 2022"]
[Site "Saint Louis"]
[Date "2022.03.06"]
[Round "5.7"]
[White "Dragun, Kamil"]
[Black "Niemann, Hans Moke"]
[Result "1-0"]
[WhiteElo "2590"]
[BlackElo "2642"]
[Annotator "TA"]
[PlyCount "164"]
[EventDate "2022.03.02"]
[EventType "tourn"]
[EventCountry "USA"]
[SourceTitle "playchess.com"]
[Source "ChessBase"]
[SourceQuality "1"]

{[%evp 17,164,7,0,0,9,8,20,0,-12,-2,0,0,0,0,0,0,0,0,0,0,0,0,0,0,14,0,0,0,27,0,0,0,0,0,6,8,7,9,12,12,70,71,74,72,117,140,121,129,132,116,142,144,156,148,199,202,211,213,261,256,250,254,356,349,397,378,370,381,474,468,414,460,562,562,805,793,768,791,1066,1221,1216,1169,1088,919,1342,668,12829,12829,5410,2473,12835,12835,12835,12834,12837,12837,12837,12837,12839,12837,27999,27999,27999,27999,27999,27999,27999,27999,27999,27999,27999,27999,27999,27999,27999,27999,27999,27999,27999,27999,27999,27999,27999,27999,27999,27999,27999,27999,27999,27999,27999,27999,27998,27998,27999,27995,27996,27996,27997,27997,27998,27997,27998,27997,27998,27998,27998,27998,27994]} 1. e4 e5 2. Nf3 Nc6 3. Nc3 Nf6 4. d4 exd4 5. Nxd4 Bb4 6. Nxc6 bxc6 7. Bd3 O-O 8. O-O d5 9. exd5 cxd5 10. h3 {To avoid Bg4. C47: Scotch Four Knights and Four Knights with 4 g3.} Rb8 11. Qf3 Rb6 12. Bf4 {[#] The position is equal.} Bb7 $146 ({Predecessor:} 12... Re8 13. Nb5 Rb7 14. a3 Bf8 15. b4 c5 16. bxc5 Bxc5 17. c4 Be6 18. Bg5 Rd7 {½-½ (30) Bagi,M (2470)-Riff,J (2514) Budva 2019}) 13. Rad1 Re8 14. Qg3 Nh5 15. Bxc7 Nxg3 16. Bxd8 Rxd8 17. fxg3 {[%cal Od3c4]} Bd6 {[%csl LRb2,LRg3]} 18. Na4 Rb4 19. b3 Bxg3 20. c4 Bc7 21. Nc3 g6 22. Be2 {[%cal Rc3d5]} d4 23. Na4 (23. Nb5 $5 {[%cal Rb5c7]} Bb6 24. Bd3 $11) 23... Re8 24. Bf3 Bf4 $1 25. Nc5 $36 {[%mdl 2048] White has the initiative.} Be3+ {This bishop pair is nice.} 26. Kh2 Bxf3 27. Rxf3 {Threatens to win with a3.} f5 28. g4 Rb6 (28... fxg4 $11 29. hxg4 Kg7) 29. gxf5 $14 {Black is now going downhill.} Rf6 30. Rdf1 Bh6 (30... Bd2 $142) 31. Ne6 $16 gxf5 32. Nxd4 {White is more active.} f4 33. R1f2 Bf8 34. Re2 (34. Rxf4 $2 Rxf4 35. Rxf4 Bd6 $19) 34... Rxe2+ 35. Nxe2 {[%mdl 4096] Endgame KRB-KRN} Bd6 (35... Kf7 $16 36. Nxf4 (36. Rxf4 $2 Bd6 $19) 36... Bd6) 36. Kg2 $18 Rg6+ 37. Kf2 Rf6 38. Rd3 Kf7 39. Kf3 Ke6 (39... Ke8 $142 40. Rd5 Rh6 41. Nxf4 Rf6) 40. Rd5 Bc7 41. Nd4+ Ke7 42. Rh5 Rf7 43. b4 Kd7 44. Rd5+ Kc8 45. Ne6 {[#] aiming for Rc5.} Rf6 46. Nxc7 Kxc7 {KR-KR} 47. Rh5 h6 48. a4 {[%cal Ba2a4,Ba4a5][%mdl 32]} a6 49. Rh4 Rd6 50. Rxf4 Rd3+ 51. Kg4 {[#] Black must now prevent a5.} Ra3 52. a5 Rb3 53. c5 h5+ 54. Kh4 Kb7 55. Rf7+ Kb8 56. Rf6 Rxb4+ 57. Kxh5 Rb5 58. Rxa6 Rxc5+ 59. Kg6 {White mates.} Rc4 60. Rf6 Rh4 61. Rf3 Rh8 62. Kg5 Rg8+ 63. Kf4 Rh8 64. Kg3 Rg8+ 65. Kh2 Rh8 66. Rf5 Kc7 67. Kg3 Rg8+ 68. Kf4 Rh8 69. Kg4 ({Worse is} 69. a6 Rxh3 70. Ra5 Rh4+ 71. Kf3 Rh8 $11) 69... Rg8+ 70. Rg5 Rd8 71. Rg7+ (71. Rb5 Rg8+ 72. Rg5 Rd8 73. Rg7+ Kb8 $18) 71... Kb8 72. h4 {[%cal Bh3h4,Bh4h5][%mdl 32]} Rd4+ 73. Kg5 Rd5+ 74. Kg6 Rxa5 75. h5 Ra6+ 76. Kf7 Rh6 77. Rg5 Rc6 78. Rg6 Rc7+ 79. Kg8 Rc8+ 80. Kg7 Rc7+ 81. Kh8 Rc5 82. h6 Kc7 {Weighted Error Value: White=0.03 (flawless) /Black=0.22 (precise)} 1-0

[Event "Spring Chess Classic-A 2022"]
[Site "Saint Louis"]
[Date "2022.03.06"]
[Round "5.8"]
[White "Xiong, Jeffery"]
[Black "Nyzhnyk, Illya"]
[Result "0-1"]
[WhiteElo "2686"]
[BlackElo "2674"]
[Annotator "TA"]
[PlyCount "68"]
[EventDate "2022.03.02"]
[EventType "tourn"]
[EventCountry "USA"]
[SourceTitle "playchess.com"]
[Source "ChessBase"]
[SourceQuality "1"]

{[%evp 18,68,25,0,18,10,44,17,16,0,0,0,0,0,0,0,0,0,0,-16,68,-52,-47,-57,-59,-75,-74,-70,-79,-76,-77,-125,-150,-131,-151,-134,-139,-127,-128,-151,-97,-141,-82,-150,-168,-145,-121,-185,-195,-316,-321,-391,-383]} 1. e4 c5 2. Nf3 d6 3. d4 cxd4 4. Nxd4 Nf6 5. Nc3 a6 6. Be3 e5 7. Nb3 Be6 8. f3 h5 9. Qd2 Nbd7 10. O-O-O Qc7 {B90: Sicilian Najdorf: Unusual White 6th moves, 6 Be3 Ng4 and 6 Be3 e5.} 11. Kb1 Rc8 12. g3 Be7 {The position is equal.} 13. h4 b5 14. Nd5 {Prevents Nb6.} Nxd5 15. exd5 Bf5 {[%cal Rf5c2]} 16. Bd3 Bxd3 17. Qxd3 O-O {[%cal Bh8f8,Bf8e8,Be8e3][%mdl 32] [#]} 18. Rhe1 $146 ({Predecessor:} 18. g4 hxg4 19. fxg4 Qc4 20. g5 Qxd3 21. Rxd3 f5 22. gxf6 Nxf6 23. Bg5 Rc7 24. Nd2 {½-½ (24) Schuster,J (2390)-Schmelz,T (2411) ICCF email 2000}) 18... g6 (18... Bd8 $11) 19. f4 (19. g4 $14) 19... exf4 $1 $15 20. gxf4 Qc4 21. Qd2 Bxh4 22. Rf1 Rfe8 {...Nf6 is the strong threat.} 23. f5 {aiming for Rf4.} Bf6 {[%cal Oe8e3] Threatens to win with ...Rxe3!} 24. Rf4 {[#]} (24. Na5 $142 Qxc2+ 25. Qxc2 Rxc2 26. Kxc2 Rxe3 27. fxg6) 24... Qxc2+ $3 $17 {[%mdl 512]} 25. Qxc2 Rxc2 26. Kxc2 {Hoping for Rf3.} Rxe3 27. fxg6 fxg6 28. Nd2 Kg7 (28... Be5 $142 29. Re4 Rg3) 29. Rdf1 {[#]} (29. Re4 $142 Rxe4 30. Nxe4) 29... Re2 ({Black should play} 29... Re7 $1 30. Ne4 Be5) 30. Kd1 {[#]} (30. a4 $142) 30... Re7 $1 {Black is more active.} 31. Ne4 {[%cal Re4f6]} Be5 32. R4f3 (32. R4f2 $17) 32... Nb6 $19 (32... Bxb2 33. Nxd6 Nf6 34. Rg1 $17) 33. Ra3 (33. Re1 $142) 33... Bxb2 ({Not} 33... Nxd5 $2 34. Rd3 Bf4 35. Rxd5 Rxe4 36. Rd3 $19) 34. Rxa6 Nxd5 {Weighted Error Value: White=0.36/Black=0.12 (very precise)} ({Worse is} 34... Rxe4 35. Rxb6 Be5 36. Rxb5 $17) 0-1

[Event "Spring Chess Classic-A 2022"]
[Site "Saint Louis"]
[Date "2022.03.06"]
[Round "5.9"]
[White "Antipov, Mikhail Al."]
[Black "Robson, Ray"]
[Result "0-1"]
[WhiteElo "2615"]
[BlackElo "2676"]
[Annotator "TA"]
[PlyCount "111"]
[EventDate "2022.03.02"]
[EventType "tourn"]
[EventCountry "USA"]
[SourceTitle "playchess.com"]
[Source "ChessBase"]
[SourceQuality "1"]

{[%evp 12,111,16,18,18,11,13,10,24,0,24,22,8,22,17,-27,-19,-22,-28,-24,-22,-22,-4,-19,0,-12,0,0,0,0,0,0,0,0,0,0,0,0,0,0,0,0,0,0,0,0,0,0,0,0,0,-14,-11,-29,-29,-29,-29,-29,-17,-20,-13,-13,-13,-14,-8,-18,-18,-29,-29,-60,-51,-70,-70,-70,-70,-117,-117,-117,-117,-117,-117,-117,-117,-117,-117,-117,-117,-117,-117,-3127,-2400,-29965,-29967,-29967,-29968,-29971,-29971,-29971,-29972,-29974,-29976,-29974]} 1. e4 e5 2. Nf3 Nc6 3. Bc4 Nf6 4. d3 Bc5 5. O-O d6 6. c3 O-O 7. Re1 a6 {C54: Giuoco Piano: 4 c3 Nf6, main lines with 5 d4 and 5 d3.} 8. a4 {seems to push 8.Bb3 aside.} Ba7 9. h3 b5 {The position is equal.} 10. Bb3 b4 11. Nbd2 {[%cal Bb1d2,Bd2c4,Bc4e3,Be3d5][%mdl 32]} Rb8 12. a5 Be6 13. Bc4 (13. Ba4 $142 Nxa5 14. d4) 13... Qc8 $11 14. Ng5 Bxc4 15. Nxc4 h6 16. Nf3 Qe6 17. Be3 Bxe3 18. Nxe3 bxc3 19. bxc3 Rb5 20. c4 {[#]} Rxa5 $146 ({Predecessor:} 20... Rb7 21. Nd5 Rfb8 22. Qa4 Nb4 23. Ra3 c5 24. Rb1 Nfxd5 25. cxd5 Qg6 26. Qd1 Rb5 27. Rb2 Kh7 28. Ra1 {½-½ (27) Thierry,R (2317)-Jones,I (2334) ICCF email 2017}) 21. Nd5 Rxa1 (21... Nxd5 $2 22. cxd5 Rxa1 23. Qxa1 $18 (23. dxe6 Rxd1 24. Rxd1 fxe6 $17)) 22. Qxa1 Qc8 23. Qa4 Nxd5 24. cxd5 Ne7 25. d4 exd4 26. Nxd4 Qb7 27. Rc1 Qb6 28. Qc4 a5 29. Qxc7 Nxd5 30. exd5 Qxd4 31. Qxa5 {[%mdl 4096] Endgame KQR-KQR} g6 32. Qb5 Ra8 33. Qb3 {To avoid Ra2} Kg7 34. g3 Ra5 35. Rd1 Ra3 {aiming for ...Qxf2+.} 36. Rxd4 Rxb3 {KR-KR} 37. h4 g5 38. hxg5 hxg5 39. Kg2 Kf6 40. f3 Ke5 41. Re4+ Kxd5 42. g4 Rb6 {Threatens to win with ...Kc5.} 43. Kf2 (43. Ra4 $15) 43... Kc5 $1 $17 {...d5 is the strong threat.} 44. Re7 f6 $1 {And now ...d5 would win.} 45. f4 Rb2+ 46. Kf3 Rb3+ 47. Kf2 gxf4 48. Re4 {[#]} Re3 $1 49. Rxf4 Re6 50. Ra4 $2 {[%mdl 8192] This costs White the game.} (50. Rf5+ $17 d5 51. Rh5) 50... d5 $19 {[%cal Bd6d5,Bd5d4,Bd4d3][%mdl 32] ( -> ...d4)} 51. Ra8 d4 {Black mates.} 52. Rd8 {[#]} Kc4 $1 53. Kf3 d3 54. Kf4 Kc3 55. Kf5 Rc6 56. g5 {Weighted Error Value: White=0.35/Black=0.02 (flawless)} 0-1